Statistics for 室蘭本線の駅かつ特急停車駅

Click here to take the quiz!

General Stats

  • This quiz has been taken 46 times
  • The average score is 13 of 16

Answer Stats

駅名% Correct
室蘭
100%
東室蘭
100%
登別
98%
苫小牧
98%
白老
93%
洞爺
88%
母恋
85%
伊達紋別
85%
長万部
85%
岩見沢
85%
沼ノ端
83%
追分
76%
輪西
73%
幌別
71%
鷲別
66%
御崎
56%

Score Distribution

Percentile by Number Answered

Percent of People with Each Score

Your Score History

You have not taken this quiz